[Event "HUN-chT2 Breyer 1516"]
[Site "Hungary"]
[Date "2015.11.29"]
[Round "5.4"]
[White "Bognar, Csaba"]
[Black "Adam, Gyorgy"]
[Result "1/2-1/2"]
[WhiteElo "2227"]
[BlackElo "2019"]
[PlyCount "54"]
[EventDate "2015.09.13"]
[EventType "team-tourn"]
[EventRounds "11"]
[EventCountry "HUN"]
[SourceTitle "CBM 170 Extra"]
[Source "ChessBase"]
[SourceDate "2016.02.25"]
[SourceVersion "1"]
[SourceVersionDate "2016.02.25"]
[SourceQuality "1"]
[WhiteTeam "Kobanya Aquarena"]
[BlackTeam "TTC Sakk"]
[WhiteTeamCountry "HUN"]
[BlackTeamCountry "HUN"]

1. d4 Nf6 2. c4 g6 3. Nc3 d5 4. b3 Bg7 5. Bb2 0-0 6. Nf3 Bg4 7. Ne5 Be6 8. c5 c6 9. e3 Nbd7 10. Nd3 Bf5 11. Na4 Qc7 12. Be2 Bxd3 13. Qxd3 e5 14. dxe5 Nxe5 15. Qc2 Rae8 16. 0-0 Neg4 17. g3 h5 18. Bf3 Re6 19. h3 Nh6 20. Nc3 Rfe8 21. Ne2 Ne4 22. Nf4 R6e7 23. h4 Bxb2 24. Qxb2 Qe5 25. Qxe5 Rxe5 26. Bxe4 Rxe4 27. Rad1 Nf5 1/2-1/2

[Event "HUN-chT2 Breyer 1415"]
[Site "Hungary"]
[Date "2014.12.14"]
[Round "?"]
[White "Bereczki, Istvan"]
[Black "Adam, Gyorgy"]
[Result "0-1"]
[WhiteElo "2121"]
[BlackElo "2065"]
[PlyCount "82"]
[EventDate "2014.09.07"]
[EventType "team-tourn"]
[EventRounds "11"]
[EventCountry "HUN"]
[SourceTitle "EXT 2016"]
[Source "ChessBase"]
[SourceDate "2015.10.08"]
[SourceVersion "1"]
[SourceVersionDate "2015.10.08"]
[SourceQuality "1"]
[WhiteTeam "Szazhalombatta"]
[BlackTeam "Torokbalint"]
[WhiteTeamCountry "HUN"]
[BlackTeamCountry "HUN"]

1. a3 g6 2. c4 Bg7 3. Nc3 c5 4. g3 Nc6 5. Bg2 d6 6. Nf3 Be6 7. d3 Qc8 8. Nd5 Nf6 9. Ng5 Bd7 10. 0-0 0-0 11. Re1 Nxd5 12. cxd5 Ne5 13. f4 Ng4 14. h3 Nf6 15. Kh2 h6 16. Ne4 Nxd5 17. Nxd6 exd6 18. Bxd5 Bxh3 19. Rb1 Bd7 20. e3 Bc6 21. Qf3 Qd7 22. Bd2 Rac8 23. b4 b6 24. Bxc6 Qxc6 25. Qxc6 Rxc6 26. b5 Rc7 27. e4 Bd4 28. f5 Kg7 29. g4 Re7 30. Kg2 Rh8 31. Rh1 d5 32. Kf3 dxe4+ 33. dxe4 g5 34. a4 Rd8 35. Rbd1 Rdd7 36. Bc1 Be5 37. Rxd7 Rxd7 38. Be3 Rd3 39. Ke2 Ra3 40. Rd1 Rxa4 41. Rd5 Kf6 0-1

[Event "HUN-chT2 Breyer 1314"]
[Site "Hungary"]
[Date "2014.03.02"]
[Round "6"]
[White "Adam, Gyorgy"]
[Black "Nielsen, Daniel"]
[Result "1/2-1/2"]
[WhiteElo "2043"]
[BlackElo "1580"]
[PlyCount "133"]
[EventDate "2013.09.08"]
[EventType "team-tourn"]
[EventRounds "9"]
[EventCountry "HUN"]
[SourceTitle "EXT 2016"]
[Source "ChessBase"]
[SourceDate "2015.10.08"]
[SourceVersion "1"]
[SourceVersionDate "2015.10.08"]
[SourceQuality "1"]
[WhiteTeam "Torokbalint"]
[BlackTeam "Gyor Szechenyi"]
[WhiteTeamCountry "HUN"]
[BlackTeamCountry "HUN"]

1. e4 c5 2. Nf3 Nc6 3. d4 cxd4 4. Nxd4 Qb6 5. Nb3 Nf6 6. Bd3 d6 7. Nc3 g6 8. 0-0 Bg7 9. Be3 Qd8 10. h3 0-0 11. Qd2 b6 12. Bh6 Bb7 13. Bxg7 Kxg7 14. Rfe1 Nb4 15. Bf1 Rc8 16. Rac1 Qd7 17. a3 Nc6 18. Nd5 Ne8 19. Bb5 e6 20. Nb4 Qc7 21. Nxc6 Bxc6 22. Bxc6 Qxc6 23. Qd4+ Nf6 24. Nd2 Qc5 25. c3 Rfd8 26. b4 Qxd4 27. cxd4 b5 28. Kf1 Nd7 29. Ke2 Nb6 30. Kd3 d5 31. f3 Nc4 32. Nxc4 Rxc4 33. exd5 exd5 34. Rxc4 dxc4+ 35. Kc3 Rd6 36. a4 a6 37. axb5 axb5 38. Re5 Rb6 39. f4 h5 40. g4 hxg4 41. hxg4 Kf8 42. g5 Kg7 43. Rc5 Kf8 44. d5 Ke7 45. Rc7+ Kd6 46. Rxf7 Kxd5 47. Re7 Re6 48. Rb7 Kc6 49. Rg7 Kd5 50. Rd7+ Kc6 51. Rf7 Kd5 52. f5 gxf5 53. Rb7 Kc6 54. Rf7 Kd6 55. Rxf5 Re5 56. Rf6+ Ke7 57. Rg6 Kf7 58. Rf6+ Kg7 59. Rb6 Rxg5 60. Kd4 Kf7 61. Rb7+ Ke6 62. Rb6+ Kd7 63. Rh6 Ke7 64. Rb6 Rg4+ 65. Kc5 Rg5+ 66. Kd4 Kf7 67. Rc6 1/2-1/2

[Event "Budapest-chT1 Lilienthal 1213"]
[Site "Budapest"]
[Date "2012.11.11"]
[Round "3"]
[White "Kiss, Jozsef1111"]
[Black "Adam, Gyorgy"]
[Result "0-1"]
[WhiteElo "1945"]
[BlackElo "2047"]
[PlyCount "138"]
[EventDate "2012.09.30"]
[EventType "team-tourn"]
[EventRounds "11"]
[EventCountry "HUN"]
[SourceTitle "EXT 2019"]
[Source "ChessBase"]
[SourceDate "2018.10.10"]
[SourceVersion "1"]
[SourceVersionDate "2018.10.10"]
[SourceQuality "1"]
[WhiteTeam "Penzugyor III"]
[BlackTeam "Barcza GSC"]
[WhiteTeamCountry "HUN"]
[BlackTeamCountry "HUN"]

1. e4 c5 2. f4 Nc6 3. Nf3 d5 4. exd5 Qxd5 5. Nc3 Qd8 6. Bc4 e6 7. d3 Nf6 8. 0-0 Na5 9. Qe2 Be7 10. Ne5 Nxc4 11. dxc4 0-0 12. Be3 Nd7 13. Rad1 a6 14. f5 Qc7 15. Nd3 Bd6 16. fxe6 Bxh2+ 17. Kh1 fxe6 18. Rxf8+ Nxf8 19. Nxc5 Be5 20. N3a4 Bd7 21. Nxd7 Nxd7 22. Bd4 Rf8 23. Bxe5 Qxe5 24. Re1 Rf5 25. Qxe5 Nxe5 26. b3 Ng4 27. Kg1 Kf7 28. Nb6 h5 29. Nc8 Rf2 30. Nd6+ Ke7 31. Nxb7 Rxc2 32. Nc5 e5 33. Nxa6 Rxa2 34. Nb4 Rb2 35. Nd3 Rxb3 36. Nxe5 Kf6 37. Nxg4+ hxg4 38. Rc1 Ke6 39. Kf2 g3+ 40. Ke2 Kd6 41. Rh1 Ke5 42. Rd1 Ke4 43. Rc1 Rb2+ 44. Kf1 Kd3 45. c5 Kd2 46. Re1 Rb5 47. Ra1 Rxc5 48. Ra2+ Ke3 49. Ra3+ Kf4 50. Ra4+ Kg5 51. Ra3 Kg4 52. Ra4+ Kh5 53. Ke2 Rf5 54. Ke3 Rf2 55. Ra1 g5 56. Rh1+ Kg4 57. Rg1 Ra2 58. Kd3 Kf4 59. Rf1+ Rf2 60. Rg1 g4 61. Kd4 Rd2+ 62. Kc3 Ke3 63. Re1+ Re2 64. Ra1 Rxg2 65. Ra8 Rf2 66. Re8+ Kf3 67. Rf8+ Ke2 68. Re8+ Kf1 69. Kd3 g2 0-1

[Event "Budapest-chT1 Lilienthal 1213"]
[Site "Budapest"]
[Date "2012.09.30"]
[Round "1"]
[White "Molnar, Jozsef"]
[Black "Adam, Gyorgy"]
[Result "1-0"]
[WhiteElo "2162"]
[BlackElo "2047"]
[PlyCount "104"]
[EventDate "2012.09.30"]
[EventType "team-tourn"]
[EventRounds "11"]
[EventCountry "HUN"]
[SourceTitle "EXT 2019"]
[Source "ChessBase"]
[SourceDate "2018.10.10"]
[SourceVersion "1"]
[SourceVersionDate "2018.10.10"]
[SourceQuality "1"]
[WhiteTeam "Budapest EAC"]
[BlackTeam "Barcza GSC"]
[WhiteTeamCountry "HUN"]
[BlackTeamCountry "HUN"]

1. e4 c5 2. Nf3 d6 3. d4 cxd4 4. Nxd4 Nf6 5. Nc3 g6 6. Be3 Bg7 7. f3 0-0 8. Qd2 a6 9. 0-0-0 b5 10. h4 h5 11. Bh6 b4 12. Nce2 Qa5 13. Kb1 Bb7 14. Bxg7 Kxg7 15. a3 Nbd7 16. Qxb4 Qc7 17. Qc3 Nc5 18. Nb3 Qb6 19. Nxc5 dxc5 20. Nf4 Rfd8 21. Bc4 Rd4 22. Ne2 Rdd8 23. Qb3 Qxb3 24. Bxb3 Nd7 25. Bd5 Rab8 26. Nc3 e6 27. Bc4 Bc6 28. Rd6 Rb6 29. f4 Rdb8 30. b3 Nf6 31. Re1 a5 32. a4 Ng4 33. g3 Nh2 34. Be2 Kf8 35. Red1 Ke7 36. f5 exf5 37. exf5 gxf5 38. Rh6 Be4 39. Rxb6 Rxb6 40. Nd5+ Bxd5 41. Rxd5 Rg6 42. Rxf5 Kd6 43. Bxh5 Rxg3 44. Bxf7 Nf3 45. h5 Nd4 46. Rf2 Rh3 47. Kb2 Ke5 48. Bg6 c4 49. bxc4 Ne6 50. Rf5+ Kd4 51. Rxa5 Kxc4 52. Bf7 Rh2 1-0

[Event "Vaujany op 3rd"]
[Site "Vaujany"]
[Date "2012.07.14"]
[Round "3"]
[White "Adam, Gyorgy"]
[Black "Weisz, Jacques"]
[Result "1-0"]
[WhiteElo "2066"]
[BlackElo "1809"]
[PlyCount "57"]
[EventDate "2012.07.12"]
[EventType "swiss"]
[EventRounds "9"]
[EventCountry "FRA"]
[SourceTitle "CBM 149 Extra"]
[Source "ChessBase"]
[SourceDate "2012.08.24"]
[SourceVersion "1"]
[SourceVersionDate "2012.08.24"]
[SourceQuality "1"]

1. e4 e6 2. d4 d5 3. Nd2 Nf6 4. e5 Nfd7 5. f4 c5 6. c3 Nc6 7. Nb3 Qb6 8. dxc5 Bxc5 9. Nxc5 Qxc5 10. Nf3 Nb6 11. Bd3 Bd7 12. Qe2 d4 13. c4 Nb4 14. b3 Bc6 15. Bb2 Rd8 16. 0-0 a5 17. Kh1 Bxf3 18. Rxf3 Nc6 19. Rd1 a4 20. Be4 0-0 21. Rg3 f5 22. exf6 Rxf6 23. Rg5 Qe7 24. Bxc6 bxc6 25. Rxd4 Rdf8 26. Re4 Rg6 27. Rxg6 hxg6 28. Rxe6 Qd7 29. Re7 1-0

[Event "HUN-chT2 Breyer 1112"]
[Site "Hungary"]
[Date "2012.05.06"]
[Round "10.8"]
[White "Adam, Gyorgy"]
[Black "Fekete, Andras"]
[Result "1-0"]
[WhiteElo "2072"]
[BlackElo "1960"]
[PlyCount "169"]
[EventDate "2011.09.25"]
[EventType "team-tourn"]
[EventRounds "11"]
[EventCountry "HUN"]
[SourceTitle "EXT 2013"]
[Source "ChessBase"]
[SourceDate "2012.11.22"]
[SourceVersion "1"]
[SourceVersionDate "2012.11.22"]
[SourceQuality "1"]
[WhiteTeam "BEAC II"]
[BlackTeam "Biatorbagy"]
[WhiteTeamCountry "HUN"]
[BlackTeamCountry "HUN"]

1. e4 e5 2. Nf3 d6 3. d4 exd4 4. Nxd4 Nf6 5. Nc3 Be7 6. Be2 0-0 7. 0-0 c5 8. Nf3 Nc6 9. Bf4 a6 10. a4 Bg4 11. Qd3 Bxf3 12. Qxf3 Nd4 13. Qd3 Qb6 14. b3 Nxe2+ 15. Nxe2 Rac8 16. Ng3 Rfe8 17. Rad1 Bf8 18. c4 g6 19. Rfe1 Rcd8 20. h4 Ng4 21. h5 Ne5 22. Qe3 Ng4 23. Qe2 Ne5 24. Qc2 Nc6 25. Be3 Bg7 26. Ne2 Nb4 27. Qb1 Qc6 28. hxg6 hxg6 29. Ng3 Qc8 30. Bg5 f6 31. Bf4 Qe6 32. Qc1 Kf7 33. Bh6 Qg4 34. Qf4 Qxf4 35. Bxf4 Nc2 36. Re2 Nd4 37. Ra2 Ke6 38. b4 b6 39. b5 a5 40. f3 Rh8 41. Kf2 Bh6 42. Bxh6 Rxh6 43. Ne2 Nxe2 44. Rxe2 Rh4 45. Red2 Rh5 46. Ke3 Rh2 47. Kf4 Rh4+ 48. Kg3 Rh5 49. Kg4 Rg5+ 50. Kf4 Rh5 51. g3 Rh3 52. Kg4 Rh5 53. f4 f5+ 54. exf5+ Rxf5 55. Re2+ Kf7 56. Rde1 Rd7 57. Re6 Rf6 58. Re8 d5 59. cxd5 Rf5 60. R8e6 Rfxd5 61. Rxb6 g5 62. Rh1 gxf4 63. Rh7+ Kg8 64. Rxd7 Rxd7 65. gxf4 Rd4 66. Rc6 Rxa4 67. Rxc5 Rb4 68. Kg5 Kf7 69. f5 a4 70. Rc7+ Ke8 71. Kg6 Rg4+ 72. Kf6 Rb4 73. Rc8+ Kd7 74. Ra8 Kd6 75. b6 Kc6 76. Ke5 Kb7 77. Rd8 a3 78. Rd1 Kxb6 79. f6 Rb2 80. Rf1 Kc5 81. f7 Rb8 82. Rc1+ Kb6 83. Rb1+ Ka7 84. Rxb8 a2 85. Ra8+ 1-0

[Event "Budapest-chT1 Lilienthal 1112"]
[Site "Budapest"]
[Date "2011.12.04"]
[Round "4"]
[White "Adam, Gyorgy"]
[Black "Medve, Mark"]
[Result "0-1"]
[WhiteElo "2072"]
[BlackElo "1635"]
[PlyCount "78"]
[EventDate "2011.10.02"]
[EventType "team-tourn"]
[EventRounds "11"]
[EventCountry "HUN"]
[SourceTitle "EXT 2020"]
[Source "ChessBase"]
[SourceDate "2019.10.17"]
[SourceVersion "1"]
[SourceVersionDate "2019.10.17"]
[SourceQuality "1"]
[WhiteTeam "Barcza GSC"]
[BlackTeam "Budapest Ujpest KSE"]
[WhiteTeamCountry "HUN"]
[BlackTeamCountry "HUN"]

1. e4 c5 2. Nf3 d6 3. d4 cxd4 4. Nxd4 Nf6 5. Nc3 a6 6. a4 e5 7. Nf3 Qc7 8. Be2 Be7 9. 0-0 0-0 10. h3 b6 11. Nd5 Nxd5 12. Qxd5 Bb7 13. Qd3 Nd7 14. Nd2 Nc5 15. Qc4 b5 16. Qc3 bxa4 17. Rxa4 Qb8 18. Ra2 Nxe4 19. Nxe4 Bxe4 20. Bxa6 Bb7 21. Qd3 d5 22. Qe2 Qd6 23. Bxb7 Rxa2 24. Rd1 d4 25. Be4 Ra1 26. c3 Qc7 27. Qc2 g6 28. c4 Rc8 29. Bd5 Qc5 30. Qd3 Rd8 31. Qf3 Rxd5 32. Qxd5 Qxd5 33. cxd5 Bg5 34. Bxg5 Rxd1+ 35. Kh2 Kf8 36. Kg3 f5 37. Kf3 Kf7 38. d6 Ke6 39. Be7 Rb1 0-1

[Event "Budapest-chT1 Lilienthal 1112"]
[Site "Budapest"]
[Date "2011.11.20"]
[Round "3"]
[White "Adam, Gyorgy"]
[Black "Kertesz, Zsolt"]
[Result "1-0"]
[WhiteElo "2072"]
[BlackElo "2073"]
[PlyCount "23"]
[EventDate "2011.10.02"]
[EventType "team-tourn"]
[EventRounds "11"]
[EventCountry "HUN"]
[SourceTitle "EXT 2020"]
[Source "ChessBase"]
[SourceDate "2019.10.17"]
[SourceVersion "1"]
[SourceVersionDate "2019.10.17"]
[SourceQuality "1"]
[WhiteTeam "Barcza GSC"]
[BlackTeam "Fabulon"]
[WhiteTeamCountry "HUN"]
[BlackTeamCountry "HUN"]

1. e4 e6 2. d4 d5 3. exd5 exd5 4. Bd3 c5 5. Qe2+ Be7 6. dxc5 Nf6 7. Nf3 0-0 8. 0-0 h6 9. c3 Bxc5 10. h3 Nc6 11. Bf4 Re8 12. Qc2 1-0

[Event "HUN-chT2 Breyer 1112"]
[Site "Hungary"]
[Date "2011.10.30"]
[Round "2.7"]
[White "Kovacs, Gabor H"]
[Black "Adam, Gyorgy"]
[Result "0-1"]
[WhiteElo "1775"]
[BlackElo "2072"]
[PlyCount "102"]
[EventDate "2011.09.25"]
[EventType "team-tourn"]
[EventRounds "11"]
[EventCountry "HUN"]
[SourceTitle "EXT 2013"]
[Source "ChessBase"]
[SourceDate "2012.11.22"]
[SourceVersion "1"]
[SourceVersionDate "2012.11.22"]
[SourceQuality "1"]
[WhiteTeam "Torokbalint"]
[BlackTeam "BEAC II"]
[WhiteTeamCountry "HUN"]
[BlackTeamCountry "HUN"]

1. c4 Nf6 2. Nc3 c5 3. g3 g6 4. Bg2 Bg7 5. e3 0-0 6. Nge2 Nc6 7. 0-0 d6 8. a3 Be6 9. d3 Qc8 10. Nf4 Bg4 11. f3 Bd7 12. Rb1 a6 13. Nfd5 Nxd5 14. Nxd5 Qd8 15. Bd2 e6 16. Nc3 Rb8 17. Ne4 Qe7 18. b4 cxb4 19. axb4 Ne5 20. Qe2 f5 21. Nf2 Rfc8 22. f4 Nf7 23. h4 Bc6 24. Nh3 Bxg2 25. Kxg2 b5 26. Rfc1 e5 27. h5 g5 28. fxg5 Nxg5 29. Nxg5 Qxg5 30. e4 f4 31. g4 Bh6 32. Qf3 Qe7 33. Be1 Bg5 34. Bf2 Bh4 35. Kh3 Bxf2 36. Qxf2 Kf7 37. Ra1 bxc4 38. Rxa6 Rxb4 39. Rxc4 Rcxc4 40. Qa2 Kf6 41. dxc4 Qc7 42. Qd2 Rb3+ 43. Kh2 Rb6 44. Rxb6 Qxb6 45. Qd3 Kg5 46. Qd2 Qd4 47. Qe2 Qe3 48. Qg2 f3 49. Qg1 Qxg1+ 50. Kxg1 Kxg4 51. Kf2 Kf4 0-1

[Event "HUN-chT2 Erkel 1011"]
[Site "Hungary"]
[Date "2010.10.10"]
[Round "3.7"]
[White "Nagy, Karoly1111"]
[Black "Adam, Gyorgy"]
[Result "1/2-1/2"]
[WhiteElo "2109"]
[BlackElo "2059"]
[PlyCount "63"]
[EventDate "2010.09.12"]
[EventType "team-tourn"]
[EventRounds "11"]
[EventCountry "HUN"]
[SourceTitle "EXT 2012"]
[Source "ChessBase"]
[SourceDate "2011.11.24"]
[SourceVersion "1"]
[SourceVersionDate "2011.11.24"]
[SourceQuality "1"]
[WhiteTeam "Jaszbereny"]
[BlackTeam "Barcza"]
[WhiteTeamCountry "HUN"]
[BlackTeamCountry "HUN"]

1. e4 c5 2. c4 Nc6 3. Ne2 g6 4. d4 cxd4 5. Nxd4 Bg7 6. Be3 Nf6 7. Nc3 0-0 8. Be2 d6 9. 0-0 Bd7 10. Rc1 Ne5 11. h3 Rc8 12. b3 a5 13. a4 Bc6 14. Nxc6 bxc6 15. Qd2 Rb8 16. Rb1 Ned7 17. Bd1 Qc7 18. Bc2 Rfd8 19. f4 Nc5 20. Qf2 Nfd7 21. Ne2 Na6 22. Nd4 Ndc5 23. f5 Rf8 24. Nf3 Nb4 25. Bd4 Bxd4 26. Nxd4 f6 27. Qd2 e5 28. fxe6 Rbe8 29. Rbe1 Nxe6 30. Nxe6 Rxe6 31. Rf2 Qb6 32. Kh2 1/2-1/2

[Event "Budapest-chT1 Lilienthal 1011"]
[Site "Budapest"]
[Date "2010.10.03"]
[Round "2"]
[White "Vass, Lajos"]
[Black "Adam, Gyorgy"]
[Result "1/2-1/2"]
[WhiteElo "2096"]
[BlackElo "2059"]
[PlyCount "111"]
[EventDate "2010.09.19"]
[EventType "team-tourn"]
[EventRounds "11"]
[EventCountry "HUN"]
[SourceTitle "EXT 2020"]
[Source "ChessBase"]
[SourceDate "2019.10.17"]
[SourceVersion "1"]
[SourceVersionDate "2019.10.17"]
[SourceQuality "1"]
[WhiteTeam "Budapest EAC III"]
[BlackTeam "Barcza GSC"]
[WhiteTeamCountry "HUN"]
[BlackTeamCountry "HUN"]

1. e4 c5 2. c3 d5 3. exd5 Qxd5 4. d4 Nc6 5. Nf3 Bg4 6. Be2 cxd4 7. cxd4 e6 8. h3 Bh5 9. 0-0 Bb4 10. Nc3 Qa5 11. a3 Bxf3 12. Bxf3 Bxc3 13. bxc3 Qxc3 14. d5 exd5 15. Rb1 Nge7 16. Bb2 Qc5 17. Bxg7 Rg8 18. Bf6 Rg6 19. Bxe7 Nxe7 20. Rxb7 Rb6 21. Qa1 Rxb7 22. Qh8+ Kd7 23. Qxa8 Qc8 24. Qxc8+ Kxc8 25. Re1 Kd7 26. Bh5 f5 27. Bf7 Rb3 28. Re3 Rxe3 29. fxe3 Kd6 30. Kf2 Ke5 31. Kf3 Nc8 32. g4 fxg4+ 33. hxg4 Nd6 34. Bg8 h6 35. Bh7 a5 36. Bc2 Nc4 37. a4 Nd6 38. Bg6 Nb7 39. Be8 Nc5 40. Bb5 Ne4 41. Be8 Nc3 42. Bd7 Ne4 43. Bb5 Nf6 44. Be2 h5 45. gxh5 Nxh5 46. Ba6 Nf6 47. Bd3 Nd7 48. Bc2 Nc5 49. Ke2 d4 50. Kd2 Kd5 51. exd4 Kxd4 52. Bd1 Kc4 53. Be2+ Kb4 54. Bb5 Ne4+ 55. Kc2 Nc3 56. Be8 1/2-1/2

[Event "HUN-chT2 Erkel 0910"]
[Site "Hungary"]
[Date "2010.04.11"]
[Round "9.8"]
[White "Adam, Gyorgy"]
[Black "Feher, Attila"]
[Result "1/2-1/2"]
[WhiteElo "2060"]
[BlackElo "2137"]
[PlyCount "165"]
[EventDate "2009.11.08"]
[EventType "team-tourn"]
[EventRounds "11"]
[EventCountry "HUN"]
[SourceTitle "EXT 2011"]
[Source "ChessBase"]
[SourceDate "2010.11.26"]
[SourceVersion "1"]
[SourceVersionDate "2010.11.26"]
[SourceQuality "1"]
[WhiteTeam "Barcza"]
[BlackTeam "Husi"]
[WhiteTeamCountry "HUN"]
[BlackTeamCountry "HUN"]

1. e4 c5 2. Nf3 a6 3. c4 e6 4. Nc3 Nc6 5. d4 cxd4 6. Nxd4 Qb6 7. Nb3 d6 8. Be3 Qd8 9. Na4 Nf6 10. Nb6 Rb8 11. f3 Nd7 12. Nxc8 Rxc8 13. Rc1 Qf6 14. Qd2 Be7 15. Be2 Qg6 16. 0-0 Nf6 17. Bf4 0-0 18. Rfd1 Rfd8 19. Na5 Rd7 20. a3 h5 21. Nxc6 Rxc6 22. Qe1 h4 23. h3 Nh5 24. Bh2 Qg5 25. Qd2 Qxd2 26. Rxd2 Bg5 27. Rcd1 Be3+ 28. Kf1 Bxd2 29. Rxd2 Ng3+ 30. Bxg3 hxg3 31. Bd3 d5 32. exd5 exd5 33. cxd5 Rc1+ 34. Ke2 Rg1 35. Ke3 g6 36. Bc4 g5 37. f4 b5 38. Bd3 Kg7 39. Bf5 Re7+ 40. Kf3 gxf4 41. d6 Rf1+ 42. Kg4 Re8 43. d7 Rd8 44. Re2 Kf8 45. Kg5 Rf2 46. Re4 Rxg2 47. Rxf4 Rf2 48. Rg4 g2 49. Rg3 Kg7 50. h4 Rxb2 51. h5 Rd2 52. h6+ Kh8 53. h7 R8xd7 54. Bxd7 Rxd7 55. Rxg2 Kxh7 56. Kf6 a5 57. Rg5 Rb7 58. a4 b4 59. Rxa5 b3 60. Rh5+ Kg8 61. Rh1 b2 62. Rb1 Rb6+ 63. Kf5 Kg7 64. a5 Rb5+ 65. Kf4 Rxa5 66. Rxb2 Kg6 67. Rg2+ Kf6 68. Rb2 Ra4+ 69. Kf3 Kg5 70. Rb5+ f5 71. Rb3 Rf4+ 72. Kg2 Rg4+ 73. Kf3 Rh4 74. Kg3 Rh8 75. Rb5 Re8 76. Kf3 Ra8 77. Rb3 Ra1 78. Kg3 f4+ 79. Kf3 Rf1+ 80. Kg2 Re1 81. Kf3 Re3+ 82. Rxe3 fxe3 83. Kxe3 1/2-1/2